Yarim Haziran / (Record no. 12835)

MARC details
000 -BAŞLIK
Sabit Uzunlukta Kontrol Alanı 00673nam a22002297a 4500
999 ## - SİSTEM KONTROL NUMARALARI (KOHA)
Koha Biblionumber 12835
Koha Biblioitemnumber 12835
003 - KONTROL NUMARASI IDENTIFIER
Denetim Alanı MIRAKIL
005 - SON İŞLEM TARİHİ VE ZAMANI
Denetim Alanı 20190228175208.0
008 - SABİT-BOY VERİ ELEMANLARI - GENEL BİLGİLER
Sabit Uzunlukta Kontrol Alanı 190228b tu ||||| |||| 00| 0 tur d
020 ## - ULUSLARARASI STANDART KİTAP NUMARASI
Uluslararası Standart Kitap Numarası 9755332359
040 ## - KATALOGLAMA KAYNAK
Orijinal Kataloglama Ajansı TR-AnCHP
Metne Dönüştürmek Ajansı TR-AnCHP
041 ## - DİL KODU
Metin / Ses Parça Veya Ayrı Başlığın Dil Kodu tur
082 ## - DEWEY ONLU SINIFLANDIRMA NUMARASI
Sınıflandırma Numarası 818.42
Ürün Numarası D95y 1998
100 1# - ANA GİRİŞ - KİŞİSEL İSİM
Kişisel Ad Dündar, Can,
Bir Adıyla İlişkilendirilen Tarihler 1961-
245 10 - BAŞLIK TABLOSU
Başlık Yarim Haziran /
Sorumluluk Tablosu, Vb Can Dündar.
250 ## - EDITION TABLOSU
Baskı Beyanı 2. baskı.
260 ## - YAYIN, DAĞITIM, VB
Yayın, Dağıtım, Vb Yeri Ankara :
Yayıncı, Dağıtıcı, Vs Adı İmge Kitabevi,
Yayın, Dağıtım, Vb Tarihi 1998.
300 ## - FİZİKSEL TANIM
Kapsam 174 s. ;
Boyutlar 19 cm.
600 10 - KONU KATMA GİRİŞ - KURUMSAL ADI
Kişisel Ad Dündar, Can,
Bir Adıyla İlişkilendirilen Tarihler 1961-
650 #0 - KONU KATMA GİRİŞ - TOPİKAL DÖNEM
Topikal Süreli Veya Coğrafi Ad Giriş Elemanı Türk edebiyatı
9 (RLIN) 19
Genel Alt Bölümü denemeler
856 ## - ELEKTRONİK YER VE ERİŞİM
Kamu Notu Dijital Nüshası için Partimizin Kütüphane Sorumlusu ile iletişime geçiniz.
942 ## - EKLENDİ GİRİŞ ELEMANLARI (KOHA)
Sınıflandırma Veya Raf Düzeni Kaynak Dewey Decimal Classification
Koha Öğesi Türü Books
Holdings
Kalıcı Konum Mevcut Konum Edinme Tarihi Toplam Check-Out'Lar Tam Çağrı Numarası Barkod Tarih Son Görülme İtibaren Geçerli Fiyatlar Koha Öğesi Türü
CHP Kütüphanesi CHP Kütüphanesi 02/28/2019   818.42 D95y 1998 018923 02/28/2019 02/28/2019 Books